[Event "8th ch-Euro"]
[Site "Dresden GER"]
[Date "2007.04.09"]
[Round "7"]
[White "Ardeleanu,A"]
[Black "Nagatz,F"]
[Result "1/2-1/2"]
[WhiteElo "2407"]
[BlackElo "2276"]

1.e4 d5 2.exd5 Qxd5 3.Nc3 Qd6 4.d4 Nf6 5.Nf3 a6 6.h3 b5 7.g3 Bb7 8.Bg2 e6
9.O-O Be7 10.Bf4 Qb6 11.a4 c6 12.Ne5 O-O 13.a5 Qd8 14.Ne2 Nd5 15.Bd2 Nd7
16.c4 bxc4 17.Nxc4 c5 18.Bf4 Nxf4 19.Nxf4 Bxg2 20.Kxg2 cxd4 21.Qxd4  1/2-1/2

[Event "8th ch-Euro"]
[Site "Dresden GER"]
[Date "2007.04.09"]
[Round "7"]
[White "Smeets,J"]
[Black "Kayser,Fe"]
[Result "1-0"]
[WhiteElo "2552"]
[BlackElo "2194"]

1.e4 d5 2.exd5 Qxd5 3.Nc3 Qd6 4.d4 Nf6 5.Nf3 a6 6.g3 Bg4 7.h3 Bd7 8.Bf4 Qb6
9.Ne5 e6 10.Nxd7 Nbxd7 11.Qd3 O-O-O 12.Bg2 Nb8 13.O-O-O Nc6 14.Ne2 Nd5 15.Bd2 Be7
16.Kb1 Bf6 17.c3 Kb8 18.f4 g6 19.Rhe1 Rd7 20.Nc1 Rhd8 21.Nb3 Be7 22.g4 a5
23.Qc4 Rd6 24.Nc5 Nf6 25.f5 gxf5 26.gxf5 e5 27.Na4 Qa7 28.Bxc6 Rxc6 29.Qxf7 Nd5
30.dxe5 b5 31.Bc1  1-0

[Event "8th ch-Euro"]
[Site "Dresden GER"]
[Date "2007.04.11"]
[Round "8"]
[White "Rahls,P"]
[Black "Schmidt,Rau"]
[Result "0-1"]
[WhiteElo "2322"]
[BlackElo "2081"]

1.e4 d5 2.exd5 Qxd5 3.Nc3 Qd6 4.d4 c6 5.Nge2 Bf5 6.Bf4 Qd8 7.Ng3 Bg6 8.h4 h6
9.h5 Bh7 10.d5 Nf6 11.Bc4 cxd5 12.Bxd5 Nxd5 13.Nxd5 Na6 14.Qf3 e6 15.O-O-O Qc8
16.Nc3 Bb4 17.Nge4 O-O 18.a3 Bxc3 19.Nxc3 f6 20.Rd6 Nc5 21.Rhd1 e5 22.Be3 Na4
23.Qd5+ Kh8 24.Bd2 Qf5 25.Qd3 Qxf2 26.Qf1 Qxf1 27.Rxf1 Nb6 28.b3 Rfd8 29.Rxd8+ Rxd8
30.Be3 Nc8 31.Rf2 Kg8 32.Rd2 Rxd2 33.Kxd2 Bf5 34.a4 Bg4 35.a5 Bxh5 36.Ne4 Be8
37.c4 Bc6 38.Kd3 Kf7 39.b4 a6 40.g3 h5 41.Nc3 Nd6 42.Nd5 Ke6 43.Nb6 g5 44.Bf2 f5
45.Be1 f4 46.gxf4 exf4 47.Kd4 h4  0-1

[Event "8th ch-Euro"]
[Site "Dresden GER"]
[Date "2007.04.11"]
[Round "8"]
[White "Zaragatski,I"]
[Black "Hindermann,F"]
[Result "1-0"]
[WhiteElo "2464"]
[BlackElo "2260"]

1.e4 d5 2.exd5 Qxd5 3.Nc3 Qd6 4.d4 Nf6 5.Nf3 a6 6.g3 Bg4 7.h3 Bh5 8.Bg2 Nc6
9.Be3 O-O-O 10.g4 Bg6 11.O-O e6 12.Ne2 e5 13.c3 exd4 14.cxd4 Nd5 15.Nh4 Be7
16.Nxg6 hxg6 17.Nc3 Ncb4 18.Qf3 Qf6 19.Qe4 Bd6 20.a3 Rhe8 21.g5 Rxe4 22.gxf6 Nxc3
23.bxc3 Rxe3 24.fxe3 Nc2 25.Rab1 gxf6 26.Bxb7+ Kd7 27.Rxf6 Rf8 28.e4 Nxa3
29.Rbf1 a5 30.Rxf7+ Rxf7 31.Rxf7+ Ke8 32.Rf6 Nb1 33.e5 Ba3 34.Ra6 Nxc3 35.Rxa5 Bb4
36.Ra8+ Ke7 37.d5 Bc5+ 38.Kg2 Bd4 39.e6 Bf6 40.Bc6 Kd6 41.Rf8 Be7 42.Rf7 g5
43.Kf3 Nd1 44.Ke4 Nc3+ 45.Kd3 Nd1 46.Rf1  1-0

[Event "8th ch-Euro w"]
[Site "Dresden GER"]
[Date "2007.04.11"]
[Round "8"]
[White "Richards,H"]
[Black "Klek,H"]
[Result "1-0"]
[WhiteElo "2220"]
[BlackElo "1865"]

1.e4 d5 2.exd5 Qxd5 3.Nc3 Qd6 4.d4 Nf6 5.Nf3 a6 6.g3 b5 7.Bf4 Qb6 8.Bg2 Bb7
9.O-O e6 10.a4 Bd6 11.Bg5 Nbd7 12.Qe2 Nd5 13.axb5 Nxc3 14.bxc3 Qxb5 15.c4 Qf5
16.c5 Bf8 17.Nh4 Qxg5 18.Bxb7 Rb8 19.Bc6 Kd8 20.Rxa6 g6 21.Rfa1 Bg7 22.Nf3 Qf5
23.Ra7 h6 24.h4 Rf8 25.Qa6 Nf6 26.Qa5 Re8 27.Rb1 Qxc2 28.Rxb8+  1-0

[Event "8th ch-Euro"]
[Site "Dresden GER"]
[Date "2007.04.14"]
[Round "11"]
[White "Bruned,V"]
[Black "Grigoryan Lyell,M"]
[Result "0-1"]
[WhiteElo "1929"]
[BlackElo "2058"]

1.e4 d5 2.exd5 Qxd5 3.Nc3 Qd6 4.d4 Nf6 5.Nf3 c6 6.Bc4 b5 7.Bb3 Bg4 8.Be3 e6
9.h3 Bh5 10.Qd3 Bxf3 11.gxf3 Nbd7 12.Ne4 Qc7 13.c3 Nd5 14.Rg1 a5 15.Rg3 Nxe3
16.Qxe3 a4 17.Bc2 Nb6 18.Bd3 Nd5 19.Qd2 Nf4 20.Bc2 f5 21.Nc5 Bxc5 22.dxc5 Rd8
23.Qe3 Rd5 24.Kf1 Re5 25.Qxf4 Re1+ 26.Rxe1 Qxf4 27.Rxe6+ Kf7 28.Rd6 g6 29.Kg2 Re8
30.Rd7+ Kg8 31.Rd1 Re2 32.Rd8+ Kf7 33.Rd7+ Ke8 34.Rxh7 Qe3  0-1

[Event "Chess Classic Open"]
[Site "Gausdal NOR"]
[Date "2007.04.19"]
[Round "2"]
[White "Torgersen,T"]
[Black "Tolhuizen,L"]
[Result "1/2-1/2"]
[WhiteElo "2133"]
[BlackElo "2255"]

1.e4 d5 2.exd5 Qxd5 3.Nc3 Qd6 4.d4 Nf6 5.Nf3 a6 6.g3 Bg4 7.Bg2 Nc6 8.d5 Ne5
9.Bf4 Bxf3 10.Bxf3 Nxf3+ 11.Qxf3 e5 12.dxe6 Qxe6+ 13.Kf1 O-O-O 14.Kg2 Bd6
15.Rhe1 Qf5  1/2-1/2

[Event "Chess Classic Open"]
[Site "Gausdal NOR"]
[Date "2007.04.20"]
[Round "3"]
[White "Mikkelsen,N"]
[Black "Reinderman,D"]
[Result "1-0"]
[WhiteElo "2294"]
[BlackElo "2516"]

1.e4 d5 2.exd5 Qxd5 3.Nc3 Qd6 4.d4 Nf6 5.Nf3 a6 6.g3 Bg4 7.Bg2 Nc6 8.O-O O-O-O
9.d5 Nb4 10.h3 Bh5 11.Bf4 Qc5 12.Be3 Qa5 13.g4 Bg6 14.Ne5 Nxc2 15.Qf3 Qb4
16.Rac1 Nxe3 17.Qxe3 Kb8 18.Rfd1 e6 19.a3 Qb3 20.g5 Nh5 21.dxe6 Be7 22.Nd7+ Rxd7
23.exd7 Qe6 24.Re1 c6 25.Qd2  1-0

[Event "Open"]
[Site "Metz FRA"]
[Date "2007.04.20"]
[Round "7"]
[White "Kasparov,S"]
[Black "Pytel,K"]
[Result "1/2-1/2"]
[WhiteElo "2536"]
[BlackElo "2396"]

1.e4 d5 2.exd5 Qxd5 3.Nc3 Qd6 4.d4 Nf6 5.Nf3 c6 6.Ne5 Nbd7 7.Bf4 Nxe5 8.Bxe5 Qd8
9.Bc4 Bf5 10.Bxf6 gxf6 11.d5 Qc7 12.O-O O-O-O 13.Qf3 Bg6 14.dxc6 Qxc6 15.Bd5 Qa6
16.Rad1 Bg7 17.Ne4 Qb6 18.Rd3 f5 19.Ng5 Rd7 20.Bxf7 Rxd3 21.Qxd3 Bf6 22.Rd1 Qxb2
23.Bxg6 hxg6 24.Ne6 Qb6 25.Qd7+ Kb8 26.c4 Rc8 27.Qd5 a6 28.c5 Qb5 29.g3 Ka7
30.h4 f4 31.Nxf4 Rxc5 32.Qe4 g5 33.hxg5 Rxg5 34.Nd5 Qc5 35.Kg2 Re5 36.Qf3 Re6
37.Rb1 Bd4 38.Nf4 Rb6 39.Ne6 Qc4 40.Rxb6 Bxb6 41.Qf5 Qc6+ 42.Kg1 Qc1+ 43.Kg2 Qc6+
44.Kh2 Qd6 45.Kh3 Qc6 46.Kh2  1/2-1/2

[Event "9th Open"]
[Site "Dubai UAE"]
[Date "2007.04.22"]
[Round "1"]
[White "Alavi,S"]
[Black "Saud,M"]
[Result "1-0"]
[WhiteElo "2485"]
[BlackElo "2164"]

1.e4 d5 2.exd5 Qxd5 3.Nc3 Qd6 4.d4 a6 5.Be3 Nf6 6.Qd2 Bg4 7.h3 Bh5 8.g4 Bg6
9.Bg2 Nc6 10.a3 O-O-O 11.g5 Nh5 12.Nge2 e5 13.d5 Ne7 14.O-O-O Nf5 15.Ne4 Qd7
16.Bf3 Nxe3 17.Qxe3 f5 18.Qa7 Qb5 19.d6 cxd6 20.N2c3  1-0

[Event "VI It"]
[Site "Sao Jose do Rio Preto ARG"]
[Date "2007.04.24"]
[Round "6"]
[White "Cubas,Jo"]
[Black "Crosa Coll,M"]
[Result "1/2-1/2"]
[WhiteElo "2447"]
[BlackElo "2403"]

1.e4 d5 2.exd5 Qxd5 3.Nc3 Qd6 4.d4 Nf6 5.Bc4 a6 6.Nf3 e6 7.Bb3 Be7 8.O-O O-O
9.Qe2 Nc6 10.Rd1 Na5 11.Bg5 b6 12.Ne5 Nxb3 13.axb3 Bb7 14.Rd3 Rfd8 15.Rad1  1/2-1/2

[Event "9th Open"]
[Site "Dubai UAE"]
[Date "2007.04.26"]
[Round "5"]
[White "Al Modiahki,M"]
[Black "Othman,A"]
[Result "1-0"]
[WhiteElo "2556"]
[BlackElo "2318"]

1.e4 d5 2.exd5 Qxd5 3.Nc3 Qd6 4.d4 Nf6 5.Be3 a6 6.Be2 Nc6 7.Nf3 Bg4 8.O-O e6
9.h3 Bxf3 10.Bxf3 O-O-O 11.Qe2 Be7 12.Rfd1 Rhe8 13.a3 Bf8 14.b4 Ne7 15.Na4 Ned5
16.c4 Nxe3 17.Qxe3 Qd7 18.Qb3 Kb8 19.Rab1 Qc8 20.b5 axb5 21.Qxb5 c6 22.Bxc6  1-0

[Event "9th Open"]
[Site "Dubai UAE"]
[Date "2007.04.30"]
[Round "9"]
[White "Ehlvest,J"]
[Black "Handoko,E"]
[Result "1-0"]
[WhiteElo "2640"]
[BlackElo "2441"]

1.e4 d5 2.exd5 Qxd5 3.Nc3 Qd6 4.d4 Nf6 5.Bg5 a6 6.Qd2 e5 7.dxe5 Qxe5+ 8.Be2 Bb4
9.Nf3 Bxc3 10.bxc3 Qe7 11.O-O Ne4 12.Qd4 f6 13.Rfe1 Nc6 14.Qd5 Nc5 15.Nd4 Ne5
16.Bh5+  1-0

[Event "TCh-FRA Top 16"]
[Site "Montpellier FRA"]
[Date "2007.05.01"]
[Round "7"]
[White "Korneev,O"]
[Black "Marcelin,C"]
[Result "0-1"]
[WhiteElo "2565"]
[BlackElo "2493"]

1.e4 d5 2.exd5 Qxd5 3.Nc3 Qd6 4.d4 Nf6 5.Nf3 c6 6.Ne5 Nbd7 7.Nc4 Qc7 8.Qf3 Nb6
9.Bf4 Qd8 10.Be5 Bg4 11.Qg3 h5 12.h3 h4 13.Qd3 Nxc4 14.Qxc4 Be6 15.Qd3 Nd7
16.Bf4 Nb6 17.b3 Qd7 18.Be2 Bf5 19.Ne4 O-O-O 20.O-O Nd5 21.Be5 f6 22.Bh2 e6
23.Bf3 Bxe4 24.Qxe4 Bd6 25.Bxd6 Qxd6 26.c4 Nf4 27.Rfd1 g5 28.c5 Qc7 29.b4 f5
30.Qe3 Rhg8 31.b5 g4 32.hxg4 fxg4 33.Be4 g3 34.bxc6 gxf2+ 35.Qxf2 bxc6 36.Bf3 Rdf8  0-1

[Event "TCh-RUS HL"]
[Site "Sochi RUS"]
[Date "2007.05.04"]
[Round "2"]
[White "Abasheev,D"]
[Black "Bazarov,K"]
[Result "1-0"]
[WhiteElo "2419"]
[BlackElo "2232"]

1.e4 d5 2.exd5 Qxd5 3.Nc3 Qd6 4.d4 Nf6 5.Nf3 a6 6.g3 Bg4 7.h3 Bh5 8.Bg2 c6
9.O-O Bxf3 10.Bxf3 e6 11.Na4 Nbd7 12.c4 Qc7 13.d5 cxd5 14.cxd5 e5 15.Be3 Bd6
16.Rc1 Qd8 17.Qb3 b5 18.Nc3 O-O 19.Ne2 Qe7 20.Bg2 Rac8 21.Rc6 Nb8 22.Rc2 Qb7
23.Rfc1 Rxc2 24.Qxc2 Nfd7 25.g4 Nb6 26.b3 Rc8 27.Qd1 Rxc1 28.Qxc1 Nc8 29.Ng3 Qc7
30.Qd2 Bf8 31.Bf1 Nd6 32.a4 bxa4 33.bxa4 a5 34.Bb5 f6 35.Qd3 Nd7 36.Bc6 Nb8
37.Qb3 g6 38.Bb6 Qf7 39.Qc3 f5 40.Qxe5 fxg4 41.hxg4 Nd7 42.Bxd7 Qxd7 43.Qf4 Qb7
44.Bxa5 Qxd5 45.Bb4 Be7 46.Bc3 Bd8 47.Qh6 Ne8 48.Qe3 Qd1+ 49.Kg2 Qxa4 50.Qe6+ Kf8
51.Ne4 Be7 52.Qe5 Kf7 53.Qf4+  1-0

[Event "12th Cvitanovic Mem A"]
[Site "Split CRO"]
[Date "2007.05.04"]
[Round "7"]
[White "Zelic,Ml"]
[Black "Plenkovic,Z"]
[Result "1/2-1/2"]
[WhiteElo "2258"]
[BlackElo "2329"]

1.e4 d5 2.exd5 Qxd5 3.Nc3 Qd6 4.d4 Nf6 5.Nf3 a6 6.g3 Bg4 7.h3 Bh5 8.Bg2 Nc6
9.Be3 O-O-O 10.Qe2 e6 11.a3 Nd5 12.Nxd5 exd5 13.O-O Be7 14.b4 Rhe8 15.Rab1 Bg5
16.g4 Bxe3 17.fxe3 Bg6 18.b5 Nb8 19.Ne5 f6 20.Nxg6 hxg6 21.Qd3 Qe6 22.Rb3 axb5
23.Qxb5 Qa6 24.c4 Qxb5 25.cxb5 Rd6 26.a4 b6 27.Rc1 Kd7 28.Rbc3 Rc8 29.e4 dxe4
30.Bxe4 Rxd4 31.Bb7 Rh8 32.Rxc7+ Kd6 33.Bc8 Rd1+ 34.Rxd1+ Kxc7 35.Rc1+ Kd6
36.Kg2 Re8 37.Kf3 Re5 38.Bb7 Rc5 39.Rd1+ Kc7 40.Be4 Nd7 41.Ke3 Ne5 42.Ra1 Rc3+
43.Kf4 Rxh3 44.g5 Rh4+ 45.Ke3 f5 46.Bd5 Kd6 47.Bg2 Nc4+ 48.Kf3 Kc5 49.Re1 Rg4
50.Re6 Rxg5 51.Kf2 Rg4 52.Bf1 Rf4+ 53.Kg2 Rg4+ 54.Kf2 Nd2 55.Rc6+ Kb4 56.Be2 Ne4+
57.Ke3 Rg1 58.Rxb6 Nc3 59.Bf3 Nxa4 60.Rb7 Kc5 61.Kf2 Rg5 62.Be2 Nc3 63.Rc7+ Kb4
64.b6 Ne4+ 65.Ke3 Nd6 66.b7 Nxb7 67.Rxb7+ Kc5 68.Rxg7 Kd6 69.Kf4 Rg1 70.Ra7 Rg2
71.Bf3 Rg1 72.Be2 Rg2 73.Bd1 Rg1 74.Bf3 Ke6 75.Ra6+ Kf7 76.Be2 Kg7 77.Ra7+ Kf6
78.Kf3 Rc1 79.Kf4 g5+ 80.Ke3 Rc3+ 81.Bd3 Rc6 82.Ra5 Re6+ 83.Kd4 f4 84.Rf5+ Ke7
85.Rxg5 f3 86.Rg1 f2 87.Rf1 Rf6 88.Be4 Kd6 89.Ke3 Ke5 90.Bf3 Rb6 91.Kxf2 Kf4
92.Rh1 Rb2+ 93.Be2 Rb3 94.Rh4+ Kg5 95.Rd4 Kf5 96.Bd3+ Ke5 97.Ke3 Ra3 98.Rh4 Ra1
99.Rh5+ Ke6 100.Kf4 Re1 101.Be4 Kd6 102.Rd5+ Ke6 103.Rd2 Rf1+ 104.Bf3 Re1
105.Bg4+ Kf7 106.Bf5 Ke7 107.Rd7+ Kf6 108.Rd6+ Ke7 109.Ra6 Rc1 110.Rh6 Ra1
111.Re6+ Kf7 112.Rb6 Ke7 113.Kg5 Rg1+ 114.Bg4 Re1 115.Kf5 Rf1+ 116.Ke5 Re1+
117.Kd5 Ra1 118.Be2 Ra5+ 119.Bb5 Ra1 120.Ke5 Re1+ 121.Kf5 Re3 122.Bc4 Rf3+
123.Ke5 Re3+ 124.Kd5 Re1 125.Bd3 Rd1 126.Re6+ Kf7 127.Re3 Kf6 128.Rf3+ Ke7
129.Ke5 Kd7 130.Be4 Kc7 131.Rb3 Rd2 132.Rb7+ Kc8 133.Rh7 Re2 134.Kd5 Kd8
135.Ke5 Kc8 136.Ra7 Re1 137.Kd5 Rd1+ 138.Kc6 Kd8 139.Bd5 Ke8 140.Kd6 Kf8
141.Rf7+ Ke8 142.Rf2  1/2-1/2

[Event "TCh-RUS w"]
[Site "Sochi RUS"]
[Date "2007.05.05"]
[Round "5"]
[White "Melnikova,Y"]
[Black "Ivanova,Y"]
[Result "1/2-1/2"]
[WhiteElo "2305"]
[BlackElo "2155"]

1.e4 d5 2.exd5 Qxd5 3.Nc3 Qd6 4.Nf3 Nf6 5.d4 c6 6.g3 Bg4 7.Bg2 Na6 8.O-O e6
9.Bf4 Qd8 10.h3 Bxf3 11.Bxf3 Be7 12.Qd2 Qb6 13.g4 h6 14.Rad1 Nb4 15.Na4 Qd8
16.a3 Nbd5 17.Bg3 Bd6 18.c4 Bxg3 19.fxg3 Ne7 20.Nc5 Qc7 21.Qf2 O-O 22.Rfe1 Rad8
23.Kg2 Rd6 24.h4 b6 25.Ne4 Nxe4 26.Bxe4 f5 27.gxf5 exf5 28.Bf3 f4 29.g4 h5
30.Re5 hxg4 31.Bxg4 Rg6 32.Kh3 Rh6 33.Qf3 Qd6 34.Rde1 Ng6 35.Rh5 Rxh5 36.Be6+ Qxe6+
37.Rxe6 Rxh4+ 38.Kg2 Rh6 39.Qxc6 f3+ 40.Kf2 Rh2+ 41.Kf1 Rh1+ 42.Kf2 Rh2+  1/2-1/2

[Event "TCh-RUS w"]
[Site "Sochi RUS"]
[Date "2007.05.06"]
[Round "6"]
[White "Severiukhina,Z"]
[Black "Manakova,I"]
[Result "1-0"]
[WhiteElo "2269"]
[BlackElo "2244"]

1.e4 d5 2.exd5 Qxd5 3.Nc3 Qd6 4.d4 Nf6 5.Be2 c6 6.Nf3 Bf5 7.O-O e6 8.g3 Qc7
9.Re1 Nbd7 10.Nh4 Bh3 11.Bf3 Nb6 12.Qe2 Bd6 13.Bg5 Nbd7 14.Ng2 Bxg2 15.Bxg2 h6
16.Bd2 Nb6 17.b3 O-O 18.Ne4 Nxe4 19.Qxe4 Nd5 20.c4 Nf6 21.Qf3 Be7 22.h4 Rad8
23.Be3 Ne8 24.Red1 Bf6 25.Rac1 Qa5 26.d5 cxd5 27.cxd5 Nd6 28.Bxh6 Qxa2 29.Bg5 Bxg5
30.hxg5 e5 31.Rc7 Rc8 32.Rd7 Rfd8 33.Rxd8+ Rxd8 34.Bh3 Qc2 35.Re1 Re8 36.Qe3 Qa2
37.Rc1 Qa5 38.Qd3 Qb6 39.Qc2 Re7 40.g6 fxg6 41.Be6+ Kh7 42.Kg2 Nf7 43.Qc8 g5
44.Rh1+ Kg6 45.Qc2+  1-0

[Event "TCh-RUS w"]
[Site "Sochi RUS"]
[Date "2007.05.06"]
[Round "6"]
[White "Bronnikova,E"]
[Black "Novikova,A"]
[Result "1-0"]
[WhiteElo "2287"]
[BlackElo "2272"]

1.e4 d5 2.exd5 Qxd5 3.Nc3 Qd6 4.Nf3 Nf6 5.Bc4 Bg4 6.h3 Bh5 7.g4 Bg6 8.d3 c6
9.Qe2 Nbd7 10.Bd2 e6 11.Ng5 h6 12.Nge4 Nxe4 13.Nxe4 Qc7 14.f4 O-O-O 15.O-O-O Nb6
16.Bb3 Nd5 17.Rhf1 f6 18.Rde1 Bf7 19.Qf2 c5 20.Kb1 Be7 21.h4 Rhe8 22.Nc3 a6
23.Qf3 Qc6 24.Qh3 Kb8 25.g5 b5 26.a3 c4 27.dxc4 bxc4 28.Ba2 hxg5 29.hxg5 Rh8
30.Qg3 Bd6 31.gxf6 gxf6 32.Qg7 Rdf8 33.Nxd5 exd5 34.Qxf6 Bh5 35.Qc3 Bc5 36.f5 Bf7
37.Bf4+ Ka8 38.Be5 Rh4 39.Qg3 Rh5 40.Qf3 Qb7 41.Rh1 Rxh1 42.Rxh1 Re8 43.Rh8 Rxh8
44.Bxh8 Ka7 45.Ka1 Qb8 46.Bg7 Qh2 47.Bb1 Qg1 48.Be5 Qe1 49.Qf4 Kb7 50.c3 Bh5
51.Qh2 Qd1 52.Qc2 Qe1 53.Bf4 Qf1 54.Qc1 Qxc1 55.Bxc1 d4 56.cxd4 Bxd4 57.Be4+ Kb6
58.Kb1 Kc5 59.Kc2 Bg4 60.Bg5 Kd6 61.f6 Bh5 62.Bb7 Bg6+ 63.Kc1 a5 64.Ba6 Kc5
65.Bd2 Bxf6 66.Bxa5 Bg5+ 67.Bd2 Bf6 68.Be3+ Kd5 69.Bb7+ Kd6 70.a4 Bd8 71.Ba6 Be8
72.Bb5 Bf7 73.Bd4 Ba5 74.Kc2 Bg6+ 75.Kd1 Bh5+ 76.Kc1 Bf7 77.Bc3 Bb6 78.Bb4+ Kc7
79.Kd2 Bd4 80.Bc3 Bc5 81.Be5+ Bd6 82.Bxd6+ Kxd6 83.Kc3 Kc5 84.Bd7 Bd5 85.Bc8 Ba8
86.a5 Bd5 87.Ba6 Bf7 88.Bb7 Be6 89.a6 Kb6 90.Kd4 Bf7 91.Bd5 Bh5 92.Bxc4 Bg4
93.b4 Bh3 94.Kd5 Bc8 95.Kd6 Bg4 96.b5 Bc8 97.Bd3 Bh3 98.Ke7 Bg4 99.Kd6 Bh3
100.Bc4 Bg4 101.Be6 Be2 102.Bd7 Bd3 103.Ke7 Be4 104.Kd8 Ba8 105.Kc8 Ka7  1-0

[Event "4NCL 2006-07"]
[Site "Wokefield Park ENG"]
[Date "2007.05.06"]
[Round "10"]
[White "Howell,D"]
[Black "Parker,J"]
[Result "0-1"]
[WhiteElo "2518"]
[BlackElo "2521"]

1.e4 d5 2.exd5 Qxd5 3.Nc3 Qd6 4.d4 Nf6 5.g3 Bg4 6.f3 Bf5 7.g4 Bg6 8.Nge2 Nc6
9.g5 Nh5 10.Ne4 Qd5 11.c4 Qxc4 12.Be3 e6 13.N2c3 Qb4 14.a3 Qe7 15.Nc5 Nd8
16.f4 h6 17.Qf3 c6 18.h4 Qc7 19.Bh3 Bd6 20.Ne2 b6 21.Bg4 hxg5 22.hxg5 bxc5
23.dxc5 Bf8 24.Bxh5 Rxh5 25.Rxh5 Bxh5 26.Qxh5 Qa5+ 27.b4 Qa6 28.g6 Qd3 29.gxf7+ Nxf7
30.Kf2 Rd8 31.Rg1 Rd5 32.Qh3 Kd7 33.Qg2 Nh6 34.Bc1 Nf5 35.Qg6 Be7 36.Qh5 Bh4+  0-1

[Event "TCh-RUS HL"]
[Site "Sochi RUS"]
[Date "2007.05.07"]
[Round "5"]
[White "Meshkov,Y"]
[Black "Belikov,V"]
[Result "1/2-1/2"]
[WhiteElo "2389"]
[BlackElo "2564"]

1.e4 d5 2.exd5 Qxd5 3.Nc3 Qd6 4.g3 c6 5.Bg2 Bf5 6.Nge2 Nf6 7.b4 a6 8.a4 e6
9.Rb1 Be7 10.b5 axb5 11.axb5 O-O 12.O-O Nbd7 13.d3 Rfc8 14.bxc6 bxc6 15.h3 h6
16.g4 Bh7 17.Bf4 e5 18.Bd2 Nc5 19.Ng3 Ne6 20.Re1 Nf4 21.Bxf4 exf4 22.Nge4 Qc7
23.Rb3 Rab8 24.Rxb8 Rxb8 25.Nxf6+ Bxf6 26.Qe2 g5 27.Na4 Bg7 28.Nc5 Qd6 29.Nb3 Bc3
30.Rd1 Kg7 31.Nd2 c5 32.Rb1 Rxb1+ 33.Nxb1 Ba5 34.Na3 Qe6 35.Qxe6 fxe6 36.Nb5 Bg6
37.Bc6 Kf6 38.Nd6 Ke7 39.Nc4 Bc3 40.Kf1 e5 41.Bd5 Be8 42.Ke2 Ba4  1/2-1/2

[Event "TCh-RUS w"]
[Site "Sochi RUS"]
[Date "2007.05.07"]
[Round "7"]
[White "Lahno,Kateri"]
[Black "Sirotkina,N"]
[Result "1-0"]
[WhiteElo "2467"]
[BlackElo "2275"]

1.e4 d5 2.exd5 Qxd5 3.Nc3 Qd6 4.d4 c6 5.Bc4 Nf6 6.h3 Bf5 7.Nf3 e6 8.Nh4 Bg6
9.O-O Be7 10.Ne2 O-O 11.Nxg6 hxg6 12.c3 Qc7 13.Nf4 Nd5 14.Qf3 Bd6 15.Nxd5 exd5
16.Bd3 Nd7 17.Bg5 Rfe8 18.h4 Nf8 19.g3 Nh7 20.Kg2 Re6 21.b3 Nf6 22.Bxf6 Rxf6
23.Qg4 Re8 24.Rh1 Ree6 25.h5 gxh5 26.Rxh5 Rh6 27.Rxh6 Rxh6 28.Re1 Qd8 29.Bf5 g6
30.Bc8 Qf6 31.Re8+ Kg7 32.Bxb7 Be7 33.Qf4 Qxf4 34.gxf4 Ba3 35.Bxc6 Bb2 36.Bxd5 Rh5
37.Bf3 Ra5 38.a4 Ra6 39.c4 Bc1 40.Kg3 Rf6 41.c5 Bxf4+ 42.Kg2  1-0

[Event "Grand Prix Open"]
[Site "Galatzi ROM"]
[Date "2007.05.08"]
[Round "1"]
[White "Szabo,G ROM"]
[Black "Amarandei,R"]
[Result "1-0"]
[WhiteElo "2512"]
[BlackElo "1920"]

1.e4 d5 2.exd5 Qxd5 3.Nc3 Qd6 4.d4 Nf6 5.g3 Bg4 6.f3 Bf5 7.Nge2 c6 8.Bg2 e6
9.Ne4 Qd8 10.Nxf6+ Qxf6 11.h4 h5 12.Bf4 Nd7 13.Qd2 Be7 14.g4 Bg6 15.O-O-O Rc8
16.Be5  1-0

[Event "TCh-RUS HL"]
[Site "Sochi RUS"]
[Date "2007.05.08"]
[Round "6"]
[White "Lintchevski,D"]
[Black "Bazarov,K"]
[Result "1/2-1/2"]
[WhiteElo "2445"]
[BlackElo "2232"]

1.e4 d5 2.exd5 Qxd5 3.Nc3 Qd6 4.d4 Nf6 5.Nf3 a6 6.g3 Bg4 7.h3 Bh5 8.Bg2 Nc6
9.O-O O-O-O 10.Bf4 Qb4 11.a3 Qc4 12.g4 Bg6 13.Ne5 Nxe5 14.Bxe5 e6 15.Qf3 Nd5
16.Nxd5 Qxd5 17.Qc3 Qd7 18.Rad1 f6 19.Bg3 Bd6 20.Qb3 c6 21.c4 Bxg3 22.Qxg3 Qc7
23.Qe3 Rhe8 24.b4 Qb6 25.Qc3 Kb8 26.Rfe1 h5 27.g5 h4 28.gxf6 gxf6 29.d5 Bh5
30.Rd4 exd5 31.Rxe8 Bxe8 32.cxd5 cxd5 33.Rxd5 Rxd5 34.Bxd5 Bd7 35.Qf3 Ka7
36.Qf4 Bxh3 37.Qxh4 Bd7 38.Qf4 a5 39.Kh2 axb4 40.axb4 Bc6 41.Bxc6 Qxc6 42.Kg3 Kb6
43.Qf5 Qc3+ 44.Kg2 Qe5  1/2-1/2

[Event "TCh-RUS HL"]
[Site "Sochi RUS"]
[Date "2007.05.09"]
[Round "7"]
[White "Moiseenko,V RUS"]
[Black "Bazarov,K"]
[Result "1/2-1/2"]
[WhiteElo "2404"]
[BlackElo "2232"]

1.e4 d5 2.exd5 Qxd5 3.Nc3 Qd6 4.d4 Nf6 5.Bc4 a6 6.Nge2 b5 7.Bb3 Bb7 8.O-O e6
9.Bf4 Qd8 10.d5 exd5 11.Ng3 Be7 12.Nf5 O-O 13.Nxd5 Nxd5 14.Bxd5 Bxd5 15.Qxd5 c6
16.Qf3 Bf6 17.Rad1 Qc8 18.Bd6 Re8 19.Nh6+ gxh6 20.Qxf6 Re6 21.Qh4 Nd7 22.f4 Qe8
23.f5 Re2 24.Rd3 Qe4 25.Rg3+ Kh8 26.Qxh6 Rg8 27.Rxg8+ Kxg8 28.Qg5+ Kh8 29.Qd8+ Kg7
30.Qg5+ Kh8 31.Qd8+ Kg7 32.Qg5+  1/2-1/2

[Event "TCh-RUS HL"]
[Site "Sochi RUS"]
[Date "2007.05.09"]
[Round "7"]
[White "Provotorov,I"]
[Black "Faizrakhmanov,G"]
[Result "1/2-1/2"]
[WhiteElo "2382"]
[BlackElo "2348"]

1.e4 d5 2.exd5 Qxd5 3.Nc3 Qd6 4.d4 Nf6 5.Nf3 c6 6.g3 Bg4 7.Bg2 e6 8.O-O Be7
9.h3 Bxf3 10.Bxf3 O-O 11.Ne2 Nbd7 12.c3 Qc7 13.Qb3 Bd6 14.c4 e5 15.dxe5 Nxe5
16.Bg2 Rfe8 17.Be3 Ned7 18.Qc2 a5 19.Rad1 Nc5 20.Bd4 Nce4 21.Nc3 Nxc3 22.Qxc3 Be5
23.Rfe1 Bxd4 24.Rxe8+ Rxe8 25.Qxd4 h6 26.Bf3 Qc8 27.Kg2 Qf5 28.Qb6 Qc2 29.Qb3 Qxb3
30.axb3 Kf8 31.Kf1 Ke7 32.Ra1 Ra8 33.b4 a4 34.Bd1 Ne4 35.Ke1 Rd8 36.Be2 Ra8
37.Bd1 Nd6 38.c5 Nc4 39.b3 Nb2 40.bxa4 Nd3+ 41.Ke2 Nxb4 42.Rb1 Nd5 43.Rxb7+ Kf6
44.Kd3 Rd8 45.Kc2 Ke6 46.Be2 Ra8 47.Kb3 Ra5 48.Bc4 Rxc5 49.Ra7 g5 50.a5 f6
51.a6 Ke5 52.Rh7 Ra5 53.Rxh6 Nc7 54.h4 gxh4 55.Rxh4 Nxa6 56.Rh5+ f5 57.Bxa6 Rxa6
58.g4 Kf4 59.Rxf5+  1/2-1/2

[Event "TCh-RUS HL"]
[Site "Sochi RUS"]
[Date "2007.05.10"]
[Round "8"]
[White "Sirotine,K"]
[Black "Bazarov,K"]
[Result "1/2-1/2"]
[WhiteElo "2411"]
[BlackElo "2232"]

1.e4 d5 2.exd5 Qxd5 3.Nc3 Qd6 4.d4 Nf6 5.Nf3 a6 6.Be3 b5 7.Qd2 Bb7 8.Ne5 e6
9.f3 Be7 10.Be2 O-O 11.Nd3 Nbd7 12.O-O Rac8 13.Rad1 Rfd8 14.Kh1 Qc6 15.Ne4 Ba8
16.Nxf6+ Bxf6 17.a4 Nb6 18.Nb4 Qe8 19.Nxa6 bxa4 20.Bd3 g6 21.Bg5 Qe7 22.Bxf6 Qxf6
23.Be4 Bd5 24.Rfe1 Bxe4 25.fxe4  1/2-1/2

[Event "MTel"]
[Site "Sofia BUL"]
[Date "2007.05.10"]
[Round "1"]
[White "Topalov,V"]
[Black "Nisipeanu,LD"]
[Result "0-1"]
[WhiteElo "2772"]
[BlackElo "2693"]

1.e4 d5 2.exd5 Qxd5 3.Nc3 Qd6 4.g3 Nf6 5.Bg2 c6 6.d4 g6 7.Bf4 Qb4 8.Ne2 Bg7
9.Qc1 O-O 10.O-O Bg4 11.a3 Qa5 12.h3 Bxe2 13.Nxe2 Nbd7 14.c4 e5 15.b4 Qc7
16.dxe5 Nxe5 17.Qc2 a5 18.Rae1 axb4 19.axb4 Rfe8 20.c5 Nd5 21.Bd2 Nd7 22.Qc4 N7f6
23.g4 h5 24.Ng3 hxg4 25.hxg4 Qd7 26.g5 Rxe1 27.Rxe1 Ne8 28.Bf3 Nec7 29.Bg4 Qd8
30.Kg2 Nb5 31.Rd1 Ra1 32.Rxa1 Bxa1 33.Bf3 Be5 34.Ne2 Ndc7 35.Be3 Ne6 36.Bg4 Nbc7
37.Qe4 Bg7 38.f4 Qd1 39.Kf2 Bc3 40.b5 Qe1+ 41.Kg2 Nd5 42.bxc6 bxc6 43.Qd3 Bd4
44.Bxe6 Nxe3+ 45.Kh2 Qf2+ 46.Kh3 Qf3+ 47.Ng3 Qg2+  0-1

[Event "TCh-RUS HL"]
[Site "Sochi RUS"]
[Date "2007.05.11"]
[Round "9"]
[White "Zontakh,A"]
[Black "Olenin,N"]
[Result "1-0"]
[WhiteElo "2549"]
[BlackElo "2409"]

1.e4 d5 2.exd5 Qxd5 3.Nc3 Qd6 4.d4 Nf6 5.Nf3 a6 6.Bg5 b5 7.Bd3 Bb7 8.Qe2 Nbd7
9.O-O e6 10.Rad1 Be7 11.Rfe1 c5 12.Ne4 Qc7 13.Bxf6 gxf6 14.Ng3 Nb6 15.dxc5 Bxc5
16.Be4 Be7 17.Rd3 Rd8 18.Bxb7 Qxb7 19.Nd4 Rd5 20.c3 Rg8 21.f4 h5 22.Ne4 Rg4
23.g3 Kf8 24.Nf3 Rxd3 25.Qxd3 Nd5 26.Kf1 f5 27.Ned2 h4 28.Ne5 Rg7 29.Qf3 Rh7
30.Nb3 hxg3 31.hxg3 Bd6 32.Nd4 Bxe5 33.Rxe5 Qc7 34.Rxe6 Qc4+ 35.Re2 Qxa2
36.b3 Qa1+ 37.Re1 Qxc3 38.Qxd5 Rh2 39.Nxf5  1-0

[Event "25th Liechtenstein Open"]
[Site "Triesen LIE"]
[Date "2007.05.13"]
[Round "3"]
[White "Seps,M"]
[Black "Kaster,M"]
[Result "1-0"]
[WhiteElo "2265"]
[BlackElo "2143"]

1.e4 d5 2.exd5 Qxd5 3.Nc3 Qd6 4.d4 Nf6 5.Nf3 c6 6.g3 Bg4 7.Bg2 e6 8.Bf4 Qd8
9.O-O Be7 10.h3 Bxf3 11.Qxf3 Nbd7 12.Rad1 O-O 13.Rfe1 Nb6 14.Ne4 Nxe4 15.Qxe4 Nd5
16.Bc1 Qb6 17.c4 Nf6 18.Qc2 Rfd8 19.Be3 Qc7 20.a3 a5 21.Qa4 Bf8 22.Bg5 Qb6
23.Bxf6 gxf6 24.d5 cxd5 25.cxd5 e5 26.Qg4+ Bg7 27.Qf5 h6 28.Be4 Kf8 29.Rc1 Ke7
30.Rc2 Rd7 31.Rec1 Qd8 32.Qg4 Kf8 33.Bf5 h5 34.Qxh5 Ke8 35.Qg4 Bh6 36.Bxd7+ Qxd7
37.Qxd7+ Kxd7 38.Rd1 Bf8 39.d6 Bxd6 40.Rcd2 Ra6 41.h4 Ke6 42.Kg2 Be7 43.h5 f5
44.h6 Ra8 45.Rd7 Rb8 46.h7 b6 47.Rd8  1-0

[Event "ch-USA"]
[Site "Stillwater USA"]
[Date "2007.05.15"]
[Round "1"]
[White "Khachiyan,M"]
[Black "Braunlich,T"]
[Result "1-0"]
[WhiteElo "2475"]
[BlackElo "2199"]

1.e4 d5 2.exd5 Qxd5 3.Nc3 Qd6 4.d4 Nf6 5.Bg5 a6 6.Qd2 Nbd7 7.Bf4 Qb6 8.d5 e6
9.dxe6 fxe6 10.O-O-O Bb4 11.Qe1 O-O 12.Bc4 Nd5 13.Qxe6+ Qxe6 14.Bxd5 Nc5
15.Be3 Rf7 16.Bxe6 Nxe6 17.Nd5 Bd6 18.Nf3 b5 19.Nb6 Rb8 20.Nxc8 Rxc8 21.Nd4 Nf4
22.Bxf4 Bxf4+ 23.Kb1 Re8 24.h3 Rfe7 25.c3 g6 26.Rhf1 c5 27.Nb3 c4 28.Nd4 Bh6
29.a3 Bg7 30.Nc2 Re2 31.Ne3 Bh6 32.Rde1 Rd2 33.Ng4 Rxe1+ 34.Rxe1 Bg7 35.Kc1 Rd6
36.Re2 h5 37.Nh2 Kf7 38.Nf3 Bh6+ 39.Kc2 Kf6 40.h4 Kf5 41.Nd4+ Kf6 42.Re4 g5
43.a4 bxa4 44.hxg5+ Bxg5 45.Nf3 Rc6 46.Re5  1-0